[Event "Oskarja Memorial 10th"]
[Site "Chess.com INT"]
[Date "2021.01.16"]
[Round "8"]
[White "Berke, Ana"]
[Black "Ule, Evald"]
[Result "0-1"]
[WhiteElo "2051"]
[BlackElo "2190"]
[PlyCount "118"]
[EventDate "2021.01.16"]
[EventType "swiss (blitz)"]
[EventRounds "15"]
[EventCountry "SLO"]
[SourceTitle "CBM 200 Extra"]
[Source "ChessBase"]
[SourceDate "2021.03.31"]
[SourceVersion "1"]
[SourceVersionDate "2021.03.31"]
[SourceQuality "1"]

1. e4 d6 2. d4 Nf6 3. Nc3 c6 4. a4 Qa5 5. Bd2 Qc7 6. Bd3 e5 7. Nf3 Bg4 8. dxe5 dxe5 9. 0-0 Nbd7 10. h3 Bh5 11. Qe2 Be7 12. a5 Nc5 13. Bc4 0-0 14. b4 Ncd7 15. Nd1 Bg6 16. Bd3 c5 17. b5 b6 18. a6 Rac8 19. c4 Rfd8 20. Nc3 Qd6 21. Nd5 Nxd5 22. cxd5 Nf6 23. Nh4 c4 24. Nxg6 cxd3 25. Nxe7+ Qxe7 26. Qxd3 Nh5 27. Rfc1 Qf6 28. Rxc8 Rxc8 29. d6 Rd8 30. Rc1 h6 31. Rc6 Nf4 32. Bxf4 Qxf4 33. g3 Qf6 34. h4 Kh7 35. Kg2 Qe6 36. h5 Rd7 37. f4 exf4 38. e5+ g6 39. hxg6+ fxg6 40. Rc7 fxg3 41. Rxd7+ Qxd7 42. Qd5 Qg4 43. Qb7+ Kh8 44. Qb8+ Kg7 45. Qxa7+ Kh8 46. Qa8+ Kg7 47. Qf3 Qd4 48. a7 Qb2+ 49. Kxg3 Qxe5+ 50. Qf4 Qc3+ 51. Kg2 Qc2+ 52. Kf3 Qb3+ 53. Ke4 Qa4+ 54. Ke5 Qxb5+ 55. Ke6 Qe8+ 56. Kd5 Qa8+ 57. Kc4 Qxa7 58. Qd4+ Kf7 59. d7 Qa4+ 0-1

[Event "Oskarja Memorial 10th"]
[Site "Chess.com INT"]
[Date "2021.01.16"]
[Round "11"]
[White "Tomulic, Teo"]
[Black "Ule, Evald"]
[Result "1/2-1/2"]
[WhiteElo "2174"]
[BlackElo "2190"]
[PlyCount "93"]
[EventDate "2021.01.16"]
[EventType "swiss (blitz)"]
[EventRounds "15"]
[EventCountry "SLO"]
[SourceTitle "CBM 200 Extra"]
[Source "ChessBase"]
[SourceDate "2021.03.31"]
[SourceVersion "1"]
[SourceVersionDate "2021.03.31"]
[SourceQuality "1"]

1. e4 Nc6 2. Nf3 e5 3. Bc4 Be7 4. d4 d6 5. Nc3 Nf6 6. h3 0-0 7. Be3 exd4 8. Nxd4 Nxd4 9. Qxd4 Be6 10. Bxe6 fxe6 11. 0-0-0 c6 12. g4 Qa5 13. Kb1 Nd7 14. Bd2 Qe5 15. Qe3 Nb6 16. f4 Qf6 17. Qe2 d5 18. e5 Qf7 19. Rdf1 Nc4 20. Bc1 Bb4 21. Nd1 Qc7 22. h4 Qb6 23. h5 a5 24. h6 g6 25. f5 a4 26. fxg6 hxg6 27. h7+ Kh8 28. Rxf8+ Rxf8 29. Rf1 Qd8 30. a3 Be7 31. Rh1 Qe8 32. Bh6 Rf7 33. Qh2 Bf8 34. Bc1 Bg7 35. Ne3 Nxe5 36. g5 Qf8 37. Qg2 Rf3 38. Ng4 Nxg4 39. Qxg4 Rf1 40. Rxf1 Qxf1 41. Qxe6 Kxh7 42. Qd7 Qb5 43. Qh3+ Kg8 44. Qe6+ Kh7 45. Qh3+ Kg8 46. Qe6+ Kh7 47. Qh3+ 1/2-1/2

[Event "Bled Planinc Memorial 1st"]
[Site "Bled"]
[Date "2018.11.24"]
[Round "2"]
[White "Ule, Evald"]
[Black "Bosiocic, Marin"]
[Result "0-1"]
[WhiteElo "2248"]
[BlackElo "2591"]
[PlyCount "32"]
[EventDate "2018.11.24"]
[EventType "swiss (blitz)"]
[EventRounds "9"]
[EventCountry "SLO"]
[SourceTitle "CBM 187 Extra"]
[Source "ChessBase"]
[SourceDate "2018.11.04"]
[SourceVersion "1"]
[SourceVersionDate "2018.11.04"]
[SourceQuality "1"]

1. d4 Nf6 2. c4 e6 3. Nc3 Bb4 4. Qc2 d5 5. a3 Bxc3+ 6. Qxc3 0-0 7. Bg5 h6 8. Bh4 g5 9. Bg3 Ne4 10. Qc2 c5 11. dxc5 Nd7 12. b4 a5 13. Rc1 axb4 14. axb4 Ndxc5 15. bxc5 Qa5+ 16. Kd1 Bd7 0-1

[Event "SLO-chT1 West"]
[Site "Ljubljana"]
[Date "2012.09.30"]
[Round "6.4"]
[White "Semrl, Marjan"]
[Black "Ule, Evald"]
[Result "0-1"]
[WhiteElo "2097"]
[BlackElo "2242"]
[PlyCount "123"]
[EventDate "2012.09.21"]
[EventType "team-tourn"]
[EventRounds "9"]
[EventCountry "SLO"]
[SourceTitle "EXT 2022"]
[Source "ChessBase"]
[SourceDate "2021.10.06"]
[SourceVersion "1"]
[SourceVersionDate "2021.10.06"]
[SourceQuality "1"]
[WhiteTeam "Domzale SD"]
[BlackTeam "Podpec"]
[WhiteTeamCountry "SLO"]
[BlackTeamCountry "SLO"]

1. d4 d5 2. Nf3 Nf6 3. e3 e6 4. Bd3 Nbd7 5. b3 Bd6 6. Bb2 0-0 7. Nbd2 b6 8. e4 dxe4 9. Nxe4 Bb7 10. Nxd6 cxd6 11. 0-0 Qc7 12. Re1 Qc6 13. Qe2 Rfe8 14. Bb5 Qd5 15. Rad1 Qh5 16. Nd2 Qg6 17. f3 Qg5 18. Ne4 Nxe4 19. fxe4 Red8 20. Bc1 Qh4 21. Bxd7 Rxd7 22. Rd3 Rc8 23. Rh3 Qf6 24. e5 dxe5 25. dxe5 Qf5 26. c4 Rd4 27. Rf1 Re4 28. Re3 Qxe5 29. Qf2 f6 30. Bb2 Qc5 31. Rxe4 Qxf2+ 32. Kxf2 Bxe4 33. Rd1 Rc7 34. g3 e5 35. Ke3 Bf5 36. Ba3 Kf7 37. Rd2 h5 38. Bd6 Rc8 39. Bb4 h4 40. Rf2 g6 41. gxh4 Rh8 42. c5 Rxh4 43. c6 Rh3+ 44. Ke2 Rh8 45. h4 Rc8 46. h5 Rxc6 47. hxg6+ Bxg6 48. Ke3 f5 49. Rd2 Ke6 50. Rd8 f4+ 51. Kf3 a5 52. Ba3 Rc2 53. Kg4 Bf5+ 54. Kg5 Rg2+ 55. Kh5 Rxa2 56. Bc1 Rc2 57. Ba3 f3 58. Rd6+ Kf7 59. Kg5 Be6 60. Rd8 Rg2+ 61. Kh6 Kf6 62. Rd1 0-1

[Event "Ljubljana-chT 64th Superliga"]
[Site "Ljubljana"]
[Date "2011.01.20"]
[Round "2.2"]
[White "Ule, Evald"]
[Black "Sotirov, Pavle"]
[Result "1-0"]
[WhiteElo "2223"]
[BlackElo "1852"]
[PlyCount "97"]
[EventDate "2011.01.13"]
[EventType "team-tourn"]
[EventRounds "9"]
[EventCountry "SLO"]
[SourceTitle "EXT 2022"]
[Source "ChessBase"]
[SourceDate "2021.10.06"]
[SourceVersion "1"]
[SourceVersionDate "2021.10.06"]
[SourceQuality "1"]
[WhiteTeam "Podpec MKK"]
[BlackTeam "Visnja Gora Sticna"]
[WhiteTeamCountry "SLO"]
[BlackTeamCountry "SLO"]

1. d4 Nf6 2. c4 e6 3. Nc3 d5 4. Bg5 Be7 5. e3 h6 6. Bh4 c6 7. Nf3 Nbd7 8. Qc2 a6 9. Rd1 Nh5 10. Bxe7 Qxe7 11. Be2 Nhf6 12. 0-0 0-0 13. Rfe1 Re8 14. Ne5 Nxe5 15. dxe5 Nh7 16. f4 f5 17. Bd3 Kh8 18. cxd5 cxd5 19. Ne2 Bd7 20. Nd4 Rac8 21. Qd2 Nf8 22. Kh1 Rc7 23. Rg1 Rec8 24. g4 g6 25. Qg2 Qh7 26. Qh3 Ba4 27. Rdf1 Rg7 28. Rg2 Rf7 29. Rfg1 Bd7 30. gxf5 gxf5 31. Qg3 Rc7 32. Qg8+ Qxg8 33. Rxg8+ Kh7 34. Be2 Rc1 35. Rxc1 Kxg8 36. Rc7 Be8 37. Rc8 Re7 38. Kg2 Kg7 39. Kf2 Bf7 40. Ke1 h5 41. Bf3 h4 42. Bxd5 Bg6 43. Bg2 Kf7 44. Rb8 Nd7 45. Rxb7 Nc5 46. Rxe7+ Kxe7 47. Kd2 Be8 48. b4 Na4 49. Bf1 1-0

[Event "SLO-chT Central Superliga 11th"]
[Site "Slovenia"]
[Date "2010.11.18"]
[Round "9.3"]
[White "Skok, Joze"]
[Black "Ule, Evald"]
[Result "1/2-1/2"]
[WhiteElo "2033"]
[BlackElo "2217"]
[PlyCount "24"]
[EventDate "2010.09.09"]
[EventType "team-tourn"]
[EventRounds "9"]
[EventCountry "SLO"]
[SourceTitle "EXT 2022"]
[Source "ChessBase"]
[SourceDate "2021.10.06"]
[SourceVersion "1"]
[SourceVersionDate "2021.10.06"]
[SourceQuality "1"]
[WhiteTeam "Domzale SD"]
[BlackTeam "Podpec Isoglas"]
[WhiteTeamCountry "SLO"]
[BlackTeamCountry "SLO"]

1. e4 d6 2. d4 Nf6 3. Nc3 c6 4. a4 Qc7 5. Nf3 Bg4 6. h3 Bh5 7. Be2 e5 8. Bg5 Nbd7 9. 0-0 Be7 10. Re1 0-0 11. Qd2 Rfe8 12. Rad1 a6 1/2-1/2

[Event "SLO-chT Central Superliga 11th"]
[Site "Slovenia"]
[Date "2010.11.11"]
[Round "8.3"]
[White "Ule, Evald"]
[Black "Hiti, Domen"]
[Result "1-0"]
[WhiteElo "2217"]
[BlackElo "1947"]
[PlyCount "90"]
[EventDate "2010.09.09"]
[EventType "team-tourn"]
[EventRounds "9"]
[EventCountry "SLO"]
[SourceTitle "EXT 2022"]
[Source "ChessBase"]
[SourceDate "2021.10.06"]
[SourceVersion "1"]
[SourceVersionDate "2021.10.06"]
[SourceQuality "1"]
[WhiteTeam "Podpec Isoglas"]
[BlackTeam "Ig"]
[WhiteTeamCountry "SLO"]
[BlackTeamCountry "SLO"]

1. d4 d5 2. c4 c6 3. Nc3 Nf6 4. Nf3 e6 5. e3 Nbd7 6. Be2 Nb6 7. Ne5 Nfd7 8. f4 Nxe5 9. fxe5 Nxc4 10. 0-0 Nb6 11. Bd3 g6 12. Qf3 Qe7 13. b3 Bd7 14. a4 0-0-0 15. Qxf7 Qxf7 16. Rxf7 a5 17. Bd2 Bb4 18. Raf1 Be8 19. R7f3 Na8 20. Nb1 Bxd2 21. Nxd2 Nc7 22. Rf6 b6 23. Nf3 Rd7 24. Ng5 Re7 25. Rf8 Rxf8 26. Rxf8 h6 27. Nh3 Kb7 28. Rh8 c5 29. Rxh6 c4 30. bxc4 dxc4 31. Bxc4 Bxa4 32. Rxg6 b5 33. Bd3 b4 34. Nf4 Bb3 35. Be4+ Ka7 36. Nd3 Bc2 37. Nc5 Bxe4 38. Nxe4 b3 39. Rf6 a4 40. Nd2 Nb5 41. Rf1 b2 42. Nc4 a3 43. Nxb2 Nc3 44. Ra1 a2 45. Na4 Nxa4 1-0

[Event "Ljubljana-chT 63rd Superliga"]
[Site "Ljubljana"]
[Date "2010.03.18"]
[Round "9.3"]
[White "Nadvesnik, Vilma"]
[Black "Ule, Evald"]
[Result "1/2-1/2"]
[WhiteElo "1912"]
[BlackElo "2226"]
[PlyCount "74"]
[EventDate "2010.01.07"]
[EventType "team-tourn"]
[EventRounds "9"]
[EventCountry "SLO"]
[SourceTitle "EXT 2022"]
[Source "ChessBase"]
[SourceDate "2021.10.06"]
[SourceVersion "1"]
[SourceVersionDate "2021.10.06"]
[SourceQuality "1"]
[WhiteTeam "Komenda Utrdba"]
[BlackTeam "Podpec MKK"]
[WhiteTeamCountry "SLO"]
[BlackTeamCountry "SLO"]

1. e4 Nc6 2. Nf3 e5 3. Bb5 Nge7 4. 0-0 g6 5. d4 exd4 6. Nxd4 Bg7 7. c3 0-0 8. Be3 a6 9. Ba4 Ne5 10. Nd2 d5 11. Bc2 dxe4 12. Nxe4 Nd5 13. Bg5 f6 14. Bc1 Re8 15. h3 Nf7 16. Re1 f5 17. Nc5 Rxe1+ 18. Qxe1 Qd6 19. Qe8+ Qf8 20. Qxf8+ Bxf8 21. Bb3 c6 22. Nd3 Bd6 23. Bd2 Bd7 24. Re1 Kf8 25. Kf1 Re8 26. Nf3 Rxe1+ 27. Kxe1 Nc7 28. Bf4 Bxf4 29. Nxf4 Ke7 30. Ke2 Ne6 31. Nxe6 Bxe6 32. Nd4 Bxb3 33. Nxb3 Kd6 34. Ke3 Kd5 35. Nd2 Ne5 36. f4 Nd7 37. b3 Nf6 1/2-1/2

[Event "Ljubljana-chT"]
[Site "Gostovanja"]
[Date "2009.02.05"]
[Round "5.2"]
[White "Marolt, Damjan"]
[Black "Ule, Evald"]
[Result "0-1"]
[WhiteElo "2016"]
[BlackElo "2266"]
[PlyCount "128"]
[EventDate "2009.01.08"]
[EventType "team-tourn"]
[EventRounds "9"]
[EventCountry "SLO"]
[SourceTitle "EXT 2011"]
[Source "ChessBase"]
[SourceDate "2010.11.26"]
[SourceVersion "1"]
[SourceVersionDate "2010.11.26"]
[SourceQuality "1"]

1. d4 d5 2. Nf3 c6 3. e3 Bg4 4. c4 e6 5. Qb3 Qb6 6. Ne5 Qxb3 7. axb3 Bf5 8. c5 Nd7 9. Nxd7 Kxd7 10. Nd2 a6 11. b4 Re8 12. f4 f6 13. Kf2 Nh6 14. h3 e5 15. Be2 exd4 16. exd4 g6 17. g4 Bc2 18. Ra3 Bg7 19. Rc3 Ba4 20. b3 Bb5 21. Bxb5 axb5 22. Nf3 Re4 23. Re1 f5 24. g5 Nf7 25. Be3 Nd8 26. Rd3 Rf8 27. Ra1 Kc7 28. Ra8 Ne6 29. Rxf8 Nxf8 30. Ng1 Re8 31. Ne2 Ra8 32. Rd1 Ra2 33. Rb1 Ne6 34. Kf3 Kd7 35. Bf2 Rd2 36. Ke3 Ra2 37. Kf3 Nc7 38. Be1 Ne6 39. Bf2 Kc7 40. Be3 Kd8 41. Bf2 Ke7 42. Be3 Kf7 43. Bf2 Bf8 44. Be3 Be7 45. Bc1 Bd8 46. Bb2 Bc7 47. Nc1 Rxb2 48. Rxb2 Bxf4 49. Ne2 Bxg5 50. Ra2 Bf6 51. Ra7 Nd8 52. Ra8 g5 53. Rc8 Kg6 54. Rc7 f4 55. h4 h6 56. hxg5 hxg5 57. Kg4 Nf7 58. Rxb7 Nh6+ 59. Kf3 Kf5 60. Nc3 g4+ 61. Ke2 Bxd4 62. Nxd5 Ke4 63. Rh7 f3+ 64. Kf1 g3 0-1

[Event "SLO-chT 12th"]
[Site "Bled"]
[Date "2002.11.19"]
[Round "3"]
[White "Ule, Evald"]
[Black "Zorko, Jure"]
[Result "1/2-1/2"]
[WhiteElo "2230"]
[BlackElo "2230"]
[PlyCount "102"]
[EventDate "2002.11.18"]
[EventType "team-tourn"]
[EventRounds "9"]
[EventCountry "SLO"]
[SourceTitle "EXT 2005"]
[Source "ChessBase"]
[SourceDate "2004.11.15"]
[SourceVersion "1"]
[SourceVersionDate "2004.11.15"]
[SourceQuality "1"]
[WhiteTeam "Ljubljana Vidmar"]
[BlackTeam "Ljubljana Metalka Trgovina"]
[WhiteTeamCountry "SVK"]
[BlackTeamCountry "SLO"]

1. c4 e6 2. d4 Nf6 3. Nc3 Bb4 4. Qc2 c5 5. dxc5 0-0 6. Bd2 Bxc5 7. Nf3 b6 8. g3 Bb7 9. Bg2 d5 10. cxd5 exd5 11. 0-0 Nbd7 12. Nb5 Qe7 13. Bc3 Ne4 14. Bd4 Ndf6 15. e3 Rfc8 16. Qd3 a6 17. Bxf6 Qxf6 18. Nbd4 a5 19. Rfc1 Ba6 20. Qd1 g6 21. Bh3 Re8 22. Rc2 Rad8 23. Rac1 h5 24. a3 a4 25. Bf1 Bc8 26. Ne1 Ng5 27. h4 Ne4 28. Bg2 Nxg3 29. fxg3 Rxe3 30. Rxc5 Rxe1+ 31. Qxe1 Qxd4+ 32. Qf2 bxc5 33. Qxd4 cxd4 34. Rd1 Ba6 35. Rxd4 Bc4 36. Kf2 Kg7 37. Bf3 Kf6 38. Bd1 Rb8 39. Rd2 Bb3 40. Bf3 Ke5 41. Ke3 Rc8 42. Be2 Rc1 43. Bd3 Rh1 44. Kf3 Rd1 45. Rxd1 Bxd1+ 46. Ke3 Bb3 47. Bb5 d4+ 48. Kd3 Kd5 49. Be8 Kc5 50. Bd7 Kd5 51. Bb5 Ke5 1/2-1/2

[Event "SLO-chT West"]
[Site "Bled"]
[Date "2001.11.17"]
[Round "3"]
[White "Muhic, Jure"]
[Black "Ule, Evald"]
[Result "0-1"]
[WhiteElo "1994"]
[BlackElo "2217"]
[PlyCount "103"]
[EventDate "2001.11.18"]
[EventType "team"]
[EventRounds "7"]
[EventCountry "SLO"]
[SourceTitle "EXT 2003"]
[Source "ChessBase"]
[SourceDate "2002.11.25"]
[SourceVersion "1"]
[SourceVersionDate "2002.11.25"]
[SourceQuality "1"]

1. c4 e5 2. Nc3 Nf6 3. g3 c6 4. d4 e4 5. Bg2 d5 6. cxd5 cxd5 7. Bg5 Bb4 8. Rc1 Nc6 9. a3 Be7 10. e3 0-0 11. Nge2 Be6 12. 0-0 Qd7 13. Nf4 Rfd8 14. b4 Ne8 15. Bxe7 Nxe7 16. Nxe6 Qxe6 17. Qb3 Nd6 18. Na4 b6 19. Rc3 Nc4 20. Rfc1 g5 21. Nb2 b5 22. Nxc4 bxc4 23. Qc2 g4 24. Bxe4 Qxe4 25. Qxe4 dxe4 26. Rxc4 Rd7 27. Rc5 f5 28. h4 Rb8 29. Kf1 Kf7 30. Ke2 Rbb7 31. Kd2 Nd5 32. Kc2 Rb6 33. Kb3 Rbd6 34. Kb2 Re6 35. Rc6 Rxc6 36. Rxc6 f4 37. gxf4 g3 38. fxg3 Nxe3 39. Rh6 Kg7 40. Re6 Nd1+ 41. Kb3 Rxd4 42. b5 Kf7 43. Re5 Nf2 44. Kc3 Rd3+ 45. Kc4 Rxa3 46. Kd5 Rxg3 47. Kc6 Ra3 48. Kb7 e3 49. f5 Kf6 50. Re6+ Kxf5 51. Ra6 Rxa6 52. bxa6 0-1